Bienvenue à la Médiathèque de Saint-Andiol
banniere
Accueil Recherche avancée Mon compte
handi1 Rechercher dans le catalogue

Filtre   Mots-clés
  Recherche avancée
 
Lister les dernières nouveautés
 
Lister les livres GROS CARACTERES
 
Lister les périodiques (magazines)

handi1 retour de Lavinia (Le)

Book Cover
Auteur principal : Audrey Alwett
Autres auteurs : Nora Moretti
Titre : retour de Lavinia (Le)
Support : Livres
Langue : Francais
Publié : 2014 Soleil Toulon
Series : Princesse Sara
Genre : Bande Dessinée (enfants)
Collection : Princesse Sara
Sujets :
Étiquettes :
Pas de tags
LEADER 01450nam0a2200229 450
001 16835317
010 |a 978-2-302-04232-2  |b rel.  |d 10,95 € 
100 |a 20141230d2014 u u0frey01 ba 
101 0 |a fre 
102 |a FR 
200 0 |a retour de Lavinia (Le)  |f scénario, Audrey Alwett  |g dessin, Nora Moretti - couleurs, Marina Duclos... - dessin, Nora Moretti - couleurs, Marina Duclos... 
207 1 |a   
210 |a Toulon  |c Soleil  |d 2014 
215 |a 1 vol. (44 p.)  |c ill. en coul., couv. ill. en coul.  |d 33 cm 
225 1 |a Princesse Sara  |v 7 
330 |a Sara Crewe continue de dissimuler son identité pour pouvoir travailler dans l'usine d'automates qui appartenait autrefois à son père. Mais le baiser malvenu de Léopold risque de jeter tous ses plans à terre. Sa réputation et celle de l'usine sont mises à mal. A présent, comment convaincre le vieil Ernest que ses intentions sont nobles et sincères ? Ce que Sara ignore encore, c'est que Lavinia Herbert vient de débarquer à Pondichéry, Lavinia, que ses parents ont placée dans une situation très délicate, Lavinia, qui serait ravie de s'offrir une revanche aux dépens de sa plus vieille ennemie. 
461 0 |t Princesse Sara  |v 7 
700 0 |a Alwett  |b Audrey  |f 1982-....  |4 70 
702 0 |a Moretti  |b Nora  |f 1980-....  |4 440 
900 |a Bande Dessinée (enfants) 
901 |a Jeunesse 
995 |a Médiathèque  |c Médiathèque  |f 089013585  |h 089013585  |k BD PRI T.7  |o p  |q j  |r az  |e Médiathèque